• 首页
  • 本馆介绍
  • 公告通知
  • 最新文献
  • 馆藏检索
  • 电子资源
  • 读者导购
  • 参考咨询
  • 我的图书馆
  • 登录
  • 详细信息显示
  • 放入我的书架
  • 预约/预借图书
  • 作者相关作品
  • 分类相关作品
  • 丛书相关作品
  • 出版社相关作品

书目信息

  • 表格格式
  • 工作单格式
  • 卡片格式
题名:
能源-环境调控
    
 
作者: 左玉辉 , 孙平 , 柏益尧 著
分册:  
出版信息: 北京   科学出版社  2008.04
页数: 186页
开本: 24cm
丛书名: 环境调控丛书
单 册:
中图分类: X24
科图分类:
主题词: 能源开发--关系--环境--研究--中国 , 能源开发 , 环境
电子资源:
ISBN: 978-7-03-021386-0
000 00967oam2 2200301 450
001 010700053567
005 20091202091747.09
010    @a978-7-03-021386-0@dCNY31.00
100    @a20080610d2008 em y0chiy0110 ea
101 0  @achi
102    @aCN@b110000
105    @aak z 000yy
106    @ar
200 1  @a能源-环境调控@9neng yuan - huan jing tiao kong@f左玉辉,孙平,柏益尧著
210    @a北京@c科学出版社@d2008.04
215    @a186页@c图@d24cm
225 2  @a环境调控丛书@v4
330    @a本书对化石能源、核裂变能、核聚变能、水能、太阳能、风能、氢能、生物质能等主要能源逐一进行五律解析,系统评价各类能源短期和长期的五律协同度。
461  0 @12001 @a环境调控丛书@v4
606 0  @a能源开发@x关系@x环境@x研究@y中国
606 0  @a能源开发
606 0  @a环境
690    @aX24@v4
701  0 @a左玉辉@9zuo yu hui@4著
701  0 @a孙平@9sun ping@4著
701  0 @a柏益尧@9bo yi yao@4著
801  0 @aCN@bRENTIAN@c20091202
905    @b794431-35@dX24@e146@f5
    
    能源-环境调控/左玉辉,孙平,柏益尧著.-北京:科学出版社,2008.04
    186页:图;24cm.-(环境调控丛书;4)
    
    
    ISBN 978-7-03-021386-0:CNY31.00
    本书对化石能源、核裂变能、核聚变能、水能、太阳能、风能、氢能、生物质能等主要能源逐一进行五律解析,系统评价各类能源短期和长期的五律协同度。
●
相关链接 在E读中查询图书 在五车中查询图书 在当当中查询图书 在豆瓣中查询图书


正题名:能源-环境调控     索取号:X24/146         预约/预借

序号 登录号 条形码 馆藏地/架位号 状态 备注
1 794431   207944313   第二样本阅览室/ [索取号:X24/146] 在馆    
2 794432   207944322   第三借阅区/ [索取号:X24/146] 在馆    
3 794433   207944331   第三借阅区/ [索取号:X24/146] 在馆    
4 794434   207944340   第三借阅区/ [索取号:X24/146] 在馆    
5 794435   207944359   密集书库-资源管理系/ [索取号:X24/146] 在馆    
唐山师范学院图书馆 欢迎您!
大连网信软件有限公司© 版权所有